000 00567nab a2200193 a 4500
005 20210219161829.0
008 991125s1985 mx 000 0 spa u
035 _aUPN01000192636
100 1 _aCUNA PÉREZ, Enrique
222 _aSOCIOLOGICA
245 _aAplicación y crítica del enfoque sistémico para el estudio de las culturas políticas en México
260 _aMéxico
300 _a179-212
362 0 _a2007, Vol. 22, no. 64, may.-ago.
653 0 _aENFOQUE SISTEMICO
653 0 _aCULTURA POLITICA
653 0 _aDEMOCRACIA
905 _aArticulo
999 _c164738
_d164738